000
00410nam a2200133Ia 4500
008
100328s9999 xx 000 0 und d
082
_b
70612
100
_a
बोराडे रा.रं.
245
_a
नामदार श्रीमती.
260
_b
साकेत.
630
_a
नामदार श्रीमती.
730
_a
नामदार श्रीमती.
942
_c
BOOK
999
_c
556337
_d
556334